000 01171nmc a2200349 a 4500
003 AR-BaBNM
005 20251128204409.0
008 035119s1983 ||||||||||||||000 | spa||
040 _cAR-BaBNM
245 1 0 _aEl mimeógrafo artesanal
260 _aQuito
_bCIESPAL
_bPREDE
_bOEA
_c1983
300 0 _a20 p.
_bil.
490 0 _aManuales didácticos
500 0 _aCIESPAL: CENTRO INTERNACIONAL DE ESTUDIOS SUPERIORES DE COMUNICACION PARA AMERICA LATINA
500 0 _aPREDE: PROGRAMA REGIONAL DE DESARROLLO EDUCATIVO
500 0 _aOEA: ORGANIZACION ESTADOS AMERICANOS
500 0 _aDirector del proyecto Luis E Proaño
500 0 _aCoordinación del proyecto Gloria Dávila de Vela
650 4 _aMEDIOS DE COMUNICACION
650 4 _aTALLERES ESCOLARES
650 4 _aTECNOLOGIA DE LAS COMUNICACIONES
650 4 _aIMPRESION
650 4 _aDIBUJO
650 4 _aTEXTO
650 4 _aPERIODICOS
650 4 _aPUBLICACIONES PERIODICAS
650 4 _aMATERIAL ELABORADO POR EL ALUMNO
800 1 _aProaño, Luis E.
_edirector
810 2 _aCentro Internacional de Estudios Superiores de Comunicación para América Latina
942 _cBK
998 _cCarmen
999 _c7297
_d7297